[Event "CZE-ch U14 Girls"]
[Site "Teplice"]
[Date "2023.03.14"]
[Round "5"]
[White "Dorazilova, Kristyna"]
[Black "Kubatova, Beta"]
[Result "1-0"]
[WhiteElo "1483"]
[BlackElo "1266"]
[PlyCount "61"]
[EventDate "2023.03.11"]
[EventType "swiss"]
[EventRounds "9"]
[EventCountry "CZE"]
[SourceTitle "CBM 213 Extra"]
[Source "ChessBase"]
[SourceDate "2023.05.31"]
[SourceVersion "1"]
[SourceVersionDate "2023.05.31"]
[SourceQuality "1"]

1. e4 c6 2. d4 d5 3. f3 Qb6 4. Nc3 dxe4 5. Nxe4 Bf5 6. c3 Nd7 7. Bd3 Bg6 8. Qe2 Qc7 9. Nh3 Bxe4 10. Bxe4 Ngf6 11. Bf4 Qd8 12. Bd3 e6 13. 0-0 Be7 14. Nf2 0-0 15. Ne4 Qb6 16. Kh1 c5 17. Be3 cxd4 18. Bxd4 Qc7 19. f4 a6 20. Rf3 e5 21. fxe5 Nxe5 22. Nxf6+ Bxf6 23. Bxh7+ Kh8 24. Rh3 g6 25. Bxg6+ Kg7 26. Rh7+ Kg8 27. Bc2 Qd6 28. Qh5 Ng6 29. Bxg6 Qe7 30. Rh8+ Bxh8 31. Qh7# 1-0

[Event "CZE-ch U12 Girls"]
[Site "Luhacovice"]
[Date "2022.03.14"]
[Round "3"]
[White "Barteckova, Nikol"]
[Black "Kubatova, Beta"]
[Result "1-0"]
[WhiteElo "1140"]
[BlackElo "1049"]
[PlyCount "209"]
[EventDate "2022.03.12"]
[EventType "swiss"]
[EventRounds "9"]
[EventCountry "CZE"]
[SourceTitle "EXT 2023"]
[Source "ChessBase"]
[SourceDate "2022.10.05"]
[SourceVersion "1"]
[SourceVersionDate "2022.10.05"]
[SourceQuality "1"]

1. e4 c5 2. Nf3 Nc6 3. d4 cxd4 4. Nxd4 g6 5. c4 Bg7 6. Be3 Nf6 7. Nc3 Ng4 8. Qxg4 Nxd4 9. Qd1 Nc6 10. Be2 0-0 11. 0-0 d6 12. Qd2 Bd7 13. Rab1 Rc8 14. Rfc1 Ne5 15. Nd1 Bg4 16. f3 Be6 17. b3 Bd7 18. Bh6 a6 19. Bxg7 Kxg7 20. a4 Qb6+ 21. Qe3 Qxe3+ 22. Nxe3 Bc6 23. Rc2 Nd7 24. Rd2 Rfd8 25. Bd3 Nc5 26. Rbb2 Rd7 27. Ng4 h5 28. Ne3 Rdd8 29. h3 Bd7 30. g4 hxg4 31. hxg4 Ne6 32. Bf1 Rc7 33. Nd5 Rc6 34. Nxe7 Rb6 35. Nd5 Rc6 36. Rd3 Nc5 37. Rd1 Be6 38. Ne3 Rc7 39. Rdb1 Rc6 40. Ra1 a5 41. Nc2 Rb6 42. Rab1 Bd7 43. Ne3 Be6 44. Kg2 Kh6 45. Kg3 Re8 46. Rh2+ Kg7 47. Rhb2 Kh6 48. Nc2 Rd8 49. Na1 Kg7 50. Kf4 Kf6 51. g5+ Kg7 52. Ke3 Kf8 53. Nc2 Ke7 54. Nd4 Rc8 55. Kd2 Na6 56. Kc3 Nb4 57. Rd1 Rd8 58. Rbd2 Na6 59. Nc2 Rd7 60. Rb1 Nb4 61. Rh2 Rd8 62. f4 Rg8 63. Re1 Kd7 64. Rd2 Rc8 65. Na3 Na6 66. Rb1 Nb4 67. Nb5 Rcc6 68. Rbd1 Ke7 69. Na7 Rc7 70. Nb5 Rcc6 71. Nd4 Rc8 72. f5 Bd7 73. Bh3 Rd8 74. Nc2 Bc8 75. f6+ Ke8 76. Bxc8 Rxc8 77. Rxd6 Rxd6 78. Rxd6 Nc6 79. Rd5 Ra8 80. Rb5 Ra7 81. Ne3 Kd7 82. Rd5+ Ke8 83. Rd1 Ra8 84. Nd5 Rc8 85. Rh1 Rd8 86. Rh8+ Kd7 87. Rh7 Rf8 88. b4 axb4+ 89. Nxb4 Kd6 90. Rh1 Kc7 91. Re1 Re8 92. Nd5+ Kd7 93. Kd3 Ne5+ 94. Kc3 Nc6 95. Rb1 Kc8 96. Re1 Kd7 97. Nb6+ Kc7 98. c5 Re5 99. Nd5+ Kd7 100. Rd1 Kc8 101. Nb6+ Kc7 102. Rd7+ Kb8 103. Rxf7 Rxe4 104. Rf8+ Kc7 105. Rc8# 1-0

[Event "Brno Trade op"]
[Site "Brno"]
[Date "2021.09.02"]
[Round "6"]
[White "Teply, Jan"]
[Black "Kubatova, Beta"]
[Result "1/2-1/2"]
[WhiteElo "1063"]
[BlackElo "1049"]
[PlyCount "77"]
[EventDate "2021.08.29"]
[EventType "swiss"]
[EventRounds "9"]
[EventCountry "CZE"]
[SourceTitle "CBM 204 Extra"]
[Source "ChessBase"]
[SourceDate "2021.11.30"]
[SourceVersion "1"]
[SourceVersionDate "2021.11.30"]
[SourceQuality "1"]

1. e4 c5 2. c3 d5 3. exd5 Qxd5 4. d4 Nc6 5. Nf3 Bg4 6. Be2 Nf6 7. Be3 cxd4 8. cxd4 e6 9. 0-0 Be7 10. Nc3 Qd7 11. Ne5 Bxe2 12. Nxe2 Nxe5 13. dxe5 Qxd1 14. Rfxd1 Nd5 15. Bd4 0-0 16. a3 Rac8 17. Nc3 Nxc3 18. Bxc3 Rfd8 19. Bd4 b6 20. Be3 h6 21. g3 Bc5 22. Bxc5 bxc5 23. Rac1 Rd5 24. Rxd5 exd5 25. f4 c4 26. Kf1 Kf8 27. Ke1 Ke7 28. Kd2 d4 29. Re1 Rc6 30. Re4 d3 31. h4 Ke6 32. g4 g6 33. Rd4 Ke7 34. f5 gxf5 35. gxf5 a6 36. Rg4 Rc5 37. Re4 a5 38. Rf4 Rc6 39. Re4 1/2-1/2

[Event "Brno Trade op"]
[Site "Brno"]
[Date "2021.09.01"]
[Round "5"]
[White "Kubatova, Beta"]
[Black "Krystl, Jaromir"]
[Result "0-1"]
[WhiteElo "1049"]
[BlackElo "1514"]
[PlyCount "74"]
[EventDate "2021.08.29"]
[EventType "swiss"]
[EventRounds "9"]
[EventCountry "CZE"]
[SourceTitle "CBM 204 Extra"]
[Source "ChessBase"]
[SourceDate "2021.11.30"]
[SourceVersion "1"]
[SourceVersionDate "2021.11.30"]
[SourceQuality "1"]

1. d4 Nf6 2. c4 g6 3. Nc3 Bg7 4. Nf3 0-0 5. g3 d6 6. Bg2 Nc6 7. 0-0 a6 8. Bg5 Rb8 9. a3 Bg4 10. Qd2 Bxf3 11. Bxf3 Nd7 12. Bxc6 bxc6 13. b4 Re8 14. Rac1 Nf6 15. Bh6 Qc8 16. Qf4 Qh3 17. Qh4 Qxh4 18. gxh4 Bxh6 19. Rcd1 a5 20. Rb1 axb4 21. axb4 Bd2 22. Na2 Ne4 23. f3 Be3+ 24. Kg2 Nd2 25. Rfd1 Nxb1 26. Rxb1 Bxd4 27. Nc1 Ra8 28. Nd3 Ra1 29. Rb3 Rg1+ 30. Kh3 Ra8 31. Nf4 e5 32. Nd3 Ra2 33. b5 cxb5 34. Rxb5 Rxe2 35. Nb4 Rgg2 36. h5 Rxh2+ 37. Kg4 Reg2# 0-1

[Event "Brno Trade op"]
[Site "Brno"]
[Date "2021.08.30"]
[Round "3"]
[White "Kuncicka, Klara1111"]
[Black "Kubatova, Beta"]
[Result "1-0"]
[WhiteElo "1279"]
[BlackElo "1049"]
[PlyCount "85"]
[EventDate "2021.08.29"]
[EventType "swiss"]
[EventRounds "9"]
[EventCountry "CZE"]
[SourceTitle "CBM 204 Extra"]
[Source "ChessBase"]
[SourceDate "2021.11.30"]
[SourceVersion "1"]
[SourceVersionDate "2021.11.30"]
[SourceQuality "1"]

1. e4 c5 2. Nf3 Nc6 3. d4 cxd4 4. Nxd4 g6 5. Nc3 Bg7 6. Be3 Nf6 7. Be2 0-0 8. 0-0 d6 9. Kh1 Bd7 10. f4 Nxd4 11. Bxd4 Bc6 12. Bf3 Rc8 13. e5 Bxf3 14. Rxf3 dxe5 15. Bxe5 Qxd1+ 16. Rxd1 Rfd8 17. Rxd8+ Rxd8 18. Rd3 Rxd3 19. cxd3 Ng4 20. Bxg7 Kxg7 21. Kg1 Kf6 22. h3 Ne3 23. Kf2 Nf5 24. g4 Nd4 25. Ke3 Nc6 26. d4 e6 27. Ne4+ Ke7 28. Nc5 b6 29. Nd3 Kf6 30. g5+ Ke7 31. b3 a5 32. a4 Kd6 33. Ke4 Kd7 34. Ne5+ Nxe5 35. Kxe5 Ke7 36. h4 Ke8 37. Kd6 Kd8 38. Kc6 Kc8 39. Kxb6 Kd7 40. Kxa5 Kd6 41. Kb6 Kd5 42. a5 Ke4 43. a6 1-0

[Event "Brno Trade op"]
[Site "Brno"]
[Date "2021.08.29"]
[Round "1"]
[White "Jurak, Stanislav"]
[Black "Kubatova, Beta"]
[Result "1-0"]
[WhiteElo "1728"]
[BlackElo "1049"]
[PlyCount "157"]
[EventDate "2021.08.29"]
[EventType "swiss"]
[EventRounds "9"]
[EventCountry "CZE"]
[SourceTitle "CBM 204 Extra"]
[Source "ChessBase"]
[SourceDate "2021.11.30"]
[SourceVersion "1"]
[SourceVersionDate "2021.11.30"]
[SourceQuality "1"]

1. d4 d5 2. c4 c6 3. Nc3 Nf6 4. e3 g6 5. Nf3 Bg7 6. Bd3 0-0 7. 0-0 Be6 8. cxd5 cxd5 9. b3 Nc6 10. Bb2 Rc8 11. Rc1 Nb4 12. Bb1 Qd7 13. Qd2 Nc6 14. Na4 Rfd8 15. Nc5 Qc7 16. Nxe6 fxe6 17. a3 Rf8 18. b4 Qb6 19. Bd3 a6 20. Rc2 Qd8 21. Rfc1 Qd7 22. h3 Rc7 23. Ne5 Qd6 24. Nxc6 Rxc6 25. Rxc6 bxc6 26. f3 Ra8 27. Qc2 Rc8 28. Qa4 Bh6 29. f4 Nd7 30. Qxa6 Bg7 31. Qa4 Nf6 32. Bc3 Ne4 33. Bxe4 dxe4 34. Be1 Qd7 35. Qc2 Qb7 36. Qxe4 Qd7 37. a4 Bf6 38. a5 Rc7 39. g4 Qc8 40. Kg2 Bg7 41. g5 Qd7 42. Rc5 Qd6 43. Qc2 Rc8 44. b5 Qb8 45. b6 Qb7 46. Bb4 Kf7 47. Kg3 Kg8 48. Rc3 Kf8 49. Bc5 Qa6 50. Qd3 Qb7 51. a6 Qd7 52. Qe4 Kf7 53. b7 Rb8 54. a7 Qxb7 55. axb8Q Qxb8 56. Ba3 Qd8 57. Rxc6 Qd7 58. Rb6 Qc8 59. Bc5 Qd7 60. Rb7 Qd5 61. Rxe7+ Kg8 62. Qxe6+ Qxe6 63. Rxe6 Kf7 64. Re7+ Kg8 65. Rxg7+ Kxg7 66. e4 Kf7 67. d5 Ke8 68. e5 Kd7 69. e6+ Kc7 70. d6+ Kc6 71. d7 Kxc5 72. d8Q Kc4 73. e7 Kc5 74. e8R Kc4 75. Qd7 Kc5 76. Rc8+ Kb6 77. Qc6+ Ka5 78. Qb7 Ka4 79. Ra8# 1-0

[Event "EU-ch U10 Girls"]
[Site "Bratislava"]
[Date "2019.08.07"]
[Round "6"]
[White "Chevillon, Manon1111"]
[Black "Kubatova, Beta"]
[Result "1-0"]
[WhiteElo "1232"]
[BlackElo "1131"]
[PlyCount "129"]
[EventDate "2019.08.02"]
[EventType "swiss"]
[EventRounds "9"]
[EventCountry "SVK"]
[SourceTitle "EXT 2020"]
[Source "ChessBase"]
[SourceDate "2019.10.17"]
[SourceVersion "1"]
[SourceVersionDate "2019.10.17"]
[SourceQuality "1"]

1. e4 c5 2. Nf3 Nc6 3. d4 cxd4 4. Nxd4 g6 5. Nc3 Bg7 6. Be3 Nf6 7. f3 0-0 8. Qd2 d5 9. Nxc6 bxc6 10. Bh6 Bd7 11. Bxg7 Kxg7 12. exd5 cxd5 13. Nxd5 Bc6 14. Nxf6 Qxd2+ 15. Kxd2 Rfd8+ 16. Ke3 Kxf6 17. Bc4 Rd7 18. Rhd1 Rad8 19. Rxd7 Rxd7 20. Ke2 Rd4 21. b3 e6 22. Rd1 Ke5 23. Rxd4 Kxd4 24. Kd2 h6 25. c3+ Ke5 26. Ke3 f5 27. a4 f4+ 28. Kd3 g5 29. Bb5 Bd5 30. c4 Bb7 31. b4 Kf6 32. a5 a6 33. Ba4 Ke7 34. b5 axb5 35. cxb5 Kd7 36. a6 Ba8 37. b6+ Kc8 38. b7+ Bxb7 39. axb7+ Kxb7 40. Ke4 Kc7 41. Ke5 h5 42. Kxe6 g4 43. Kf5 gxf3 44. gxf3 h4 45. Kxf4 h3 46. Ke5 Kd8 47. Ke6 Kc7 48. f4 Kb6 49. f5 Ka5 50. f6 Kxa4 51. f7 Kb3 52. f8Q Kc4 53. Qf5 Kd4 54. Qe5+ Kc4 55. Qd6 Kb5 56. Qc7 Kb4 57. Qc6 Kb3 58. Qc5 Kb2 59. Qc4 Kb1 60. Qc3 Ka2 61. Qb4 Ka1 62. Kd5 Ka2 63. Kc4 Ka1 64. Kc3 Ka2 65. Qb2# 1-0